US States - Sudden Death - Statistics

General Stats
  • This quiz has been taken 13,934 times
    13,930 since last reset
  • The average score is 37 of 50
Answers on the Grid
Answers color-coded by a green-red scale on the quiz's grid according to % correct below.
Iowa
Hawaii
Puerto Rico
Newfoundland
Lincolnshire
Maine
Arkansas
Louisiana
Alaska
Queensland
Yukon
Missouri
Maryland
Nebraska
Victoria
Nelson
Otago
Mississippi
South Dakota
Wichita
Portland
Washington
Hampshire
Ontario
Oregon
New York
Wyoming
Idaho
New Texas
Rhodes
North Carolina
South Virginia
Nevada
Florida
Alberta
Oahu
Kansas
Belaware
Apache
Guam
South Carolina
Illinois
Jefferson
New Hampshire
Michigan
Utah
North Dakota
Vermaine
Rhode Island
Syldavia
East Virginia
Minnesota
Massachusetts
Georgia
Helena
Madison
Montana
New Jersey
Alabama
Raleigh
New Amsterdam
Connecticut
Delaware
Rocky Mountains
Tennessee
Virginia
Ohio
New England
Pennsylvania
Bahamas
British Columbia
Hudson Bay
Kentucky
Vermont
New Orleans
Arizona
East Georgia
Huron
California
Colorado
Indiana
Durango
Westmoreland
New Brunswick
Texas
Wisconsin
Oklahoma
Bismarck
Erie
West Virginia
New Mexico
Chamorro
 
Answer Stats
Answer % Correct
Alabama
76%
Alaska
76%
Arizona
76%
California
76%
Florida
76%
Nevada
76%
Ohio
76%
Texas
76%
Arkansas
75%
Colorado
75%
Hawaii
75%
Illinois
75%
Louisiana
75%
Mississippi
75%
Missouri
75%
New Jersey
75%
New York
75%
North Carolina
75%
Oregon
75%
Pennsylvania
75%
South Carolina
75%
South Dakota
75%
Utah
75%
Washington
75%
Connecticut
74%
Georgia
74%
Idaho
74%
Indiana
74%
Iowa
74%
Kansas
74%
Kentucky
74%
Massachusetts
74%
Michigan
74%
Minnesota
74%
Nebraska
74%
New Mexico
74%
North Dakota
74%
Oklahoma
74%
Tennessee
74%
Wyoming
74%
Delaware
73%
Maine
73%
Maryland
73%
Rhode Island
73%
Vermont
73%
Virginia
73%
Wisconsin
73%
Montana
72%
New Hampshire
71%
West Virginia
71%
No matching quizzes found
Score Distribution
Percent of People with Each Score
Percentile by Number Answered
Your Score History
You have not taken this quiz since the last reset